000 00732nam a2200241Ia 4500
003 OSt
005 20220928122351.0
006 a|||||r|||| 00| 0
007 ta
008 220927b |||||||| |||| 00| 0 eng d
024 _a38710
037 _cTextual
040 _aSDCL
_cSDCL
_beng
041 _2eng
_aeng
082 _aO-,3NAM:g, N6
100 _aVevaina Coomi S
_9457802
245 0 _aRe/Membering selves
_b Alienation and survival in the novels of Margaret Atwood and Margaret Laurence.
260 _aNew Delhi
_bCreative
_c1996
300 _axiv,378p.
_ccm.
490 _aCreative new literatures series-11.
942 _hO-,3NAM:g, N6
_cTEXL
_2CC
999 _c771219
_d771219